000 00637nam a2200229Ia 4500
001 2352
005 20240113233537.0
007 ta
008 050225s1898 a g b000 u eng u
040 _aRef.Stack
041 _aeng
082 _a331.905
_bGOA
110 _aGovt. of Assam .
245 0 _aReport on Labour immigration into Assam for the year 1897 /
_cGovt. of Assam.
_hReports
250 _a1st ed /
260 _aShillong :
_bAssam Secretariat ,
_c1898.
300 _a59p. :
_bill ;
_c32cm. .
653 _aReport : Labour immigration into Assam for the year
942 _2ddc
_cBK
999 _c2345
_d2345